Online
Catalog

El habla de los historiadores y otros ensayos / (Record no. 28073)

MARC details
000 -CABECERA
campo de control de longitud fija 02158nam a2200349 i 4500
001 - NÚMERO DE CONTROL
campo de control 000028581
003 - IDENTIFICADOR DEL NÚMERO DE CONTROL
campo de control DO-SdBNP
005 - FECHA Y HORA DE LA ÚLTIMA TRANSACCIÓN
campo de control 20260130133901.0
007 - CAMPO FIJO DE DESCRIPCIÓN FÍSICA--INFORMACIÓN GENERAL
campo de control de longitud fija ta
008 - DATOS DE LONGITUD FIJA--INFORMACIÓN GENERAL
campo de control de longitud fija 110411s2010 dr r 000 0 spa d
020 ## - NÚMERO INTERNACIONAL ESTÁNDAR DEL LIBRO
Número Internacional Estándar del Libro 9789945423198
040 ## - FUENTE DE LA CATALOGACIÓN
Centro catalogador/agencia de origen DO-SdBNP
Lengua de catalogación spa
Centro/agencia transcriptor BNPHU
Normas de descripción rda
041 ## - CÓDIGO DE LENGUA
Código de lengua del texto/banda sonora o título independiente spa
082 #4 - NÚMERO DE LA CLASIFICACIÓN DECIMAL DEWEY
Número de clasificación RD864.44
Número de documento/Ítem M425h
Número de edición 22
100 1# - ENTRADA PRINCIPAL--NOMBRE DE PERSONA
Nombre de persona Mateo, Andrés L.,
Fechas asociadas al nombre 1946-
Término indicativo de función/relación autor
Código de función/relación aut.
9 (RLIN) 776
245 13 - MENCIÓN DE TÍTULO
Título El habla de los historiadores y otros ensayos /
Mención de responsabilidad, etc. Andrés L. Mateo.
250 ## - MENCIÓN DE EDICIÓN
Mención de edición Primera edición
264 #1 - PRODUCCIÓN, PUBLICACIÓN, DISTRIBUCIÓN, FABRICACIÓN Y COPYRIGHT
Producción, publicación, distribución, fabricación y copyright Santo Domingo :
Nombre del de productor, editor, distribuidor, fabricante Universidad APEC,
Fecha de producción, publicación, distribución, fabricación o copyright 2010.
300 ## - DESCRIPCIÓN FÍSICA
Extensión xiv, 161 páginas ;
Dimensiones 22 cm.
336 ## - TIPO DE CONTENIDO
Término de tipo de contenido texto
Código de tipo de contenido txt
Fuente rdacontent
337 ## - TIPO DE MEDIO
Nombre/término del tipo de medio sin mediación
Código del tipo de medio n
Fuente rdamedia
338 ## - TIPO DE SOPORTE
Nombre/término del tipo de soporte volumen
Código del tipo de soporte nc
Fuente rdacarrier
500 ## - NOTA GENERAL
Nota general Incluye datos biográficos del autor en las solapas
505 0# - NOTA DE CONTENIDO CON FORMATO
Nota de contenido con formato Presentación del rector --
Título El habla de los historiadores --
-- Discurso de recepción de Andrés L. Mateo en la Academia Dominicana de la Lengua, por Diógenes Céspedes --
-- La dominicanidad en los apuntes de un viaje, de José Martí --
-- Una lectura diferente de la quintilla del Padre Vásquez --
-- ¿Por qué vino Pedro Henríquez Ureña en 1931? --
-- Anexos al ensayo ¿Por qué vino Pedro Henríquez Ureña en 1931? --
-- Anexo I : Carta de Pedro Henríquez Ureña a Alfonso Reyes --
-- Anexo II : Pedro Henríquez Ureña, profesor en la Argentina por Rafael Alberto Arrieta --
-- Anexo III: Cartas de Pedro Henríquez Ureña a Max Henríquez Ureña y a Alfonso Reyes --
-- Anexo IV: Otras cartas de Pedro Henríquez Ureña a Max Henríquez Ureña y a Alfonso Reyes --
-- Anexo V : Recibimiento a Pedro Henríquez Ureña en Santo Domingo en el año 1931 --
-- Anexo VI : La escuela dominicana: su presente y su porvenir por Manuel E. Suncar --
-- Anexo VII : Pedro Henríquez Ureña y su patria República Dominicana por el Pericles Franco Ornes --
590 ## - NOTA LOCAL (RLIN)
Nota local Inventariado, 2019/BT
650 #4 - PUNTO DE ACCESO ADICIONAL DE MATERIA--TÉRMINO DE MATERIA
Término de materia o nombre geográfico como elemento de entrada Crítica literaria
9 (RLIN) 3141
650 #4 - PUNTO DE ACCESO ADICIONAL DE MATERIA--TÉRMINO DE MATERIA
Término de materia o nombre geográfico como elemento de entrada Ensayos dominicanos
9 (RLIN) 65
650 #4 - PUNTO DE ACCESO ADICIONAL DE MATERIA--TÉRMINO DE MATERIA
Término de materia o nombre geográfico como elemento de entrada Literatura dominicana
9 (RLIN) 78712
650 #4 - PUNTO DE ACCESO ADICIONAL DE MATERIA--TÉRMINO DE MATERIA
Término de materia o nombre geográfico como elemento de entrada Historiografía
9 (RLIN) 13064
910 ## - DATOS DE OPCIÓN DEL USUARIO (OCLC)
Datos de opción del usuario D/G/Validado. Control de calidad MFF
942 ## - ELEMENTOS DE PUNTO DE ACCESO ADICIONAL (KOHA)
Fuente del sistema de clasificación o colocación Dewey Decimal Classification
Tipo de ítem Koha Libro
Holdings
Estado de retiro Estado de pérdida Fuente del sistema de clasificación o colocación Restricciones de uso No para préstamo Código de colección Localización permanente Ubicación/localización actual Ubicación en estantería Fecha de adquisición Total de préstamos Signatura topográfica completa Código de barras Fecha visto por última vez Número de copia Precio válido a partir de Tipo de ítem Koha Fuente de adquisición Nota pública
    Dewey Decimal Classification Préstamo en sala   Dominicana de Servicio Biblioteca Nacional Pedro Henríquez Ureña Biblioteca Nacional Pedro Henríquez Ureña Depósito 11.04.2011   BNPHU DS RD864.44 M425h 28581-30 25.06.2020 e. 3 25.06.2020 Libro    
    Dewey Decimal Classification Préstamo en sala   Dominicana de Servicio Biblioteca Nacional Pedro Henríquez Ureña Biblioteca Nacional Pedro Henríquez Ureña Depósito 12.10.2018   BNPHU DS RD864.44 M425h 28581-40 25.06.2020 e. 4 25.06.2020 Libro    
    Dewey Decimal Classification Excluido de préstamo   Patrimonio Dominicano Biblioteca Nacional Pedro Henríquez Ureña Biblioteca Nacional Pedro Henríquez Ureña Depósito 11.04.2011   BNPHU PD RD864.44 M425h 28581-10 25.06.2020   25.06.2020 Libro    
    Dewey Decimal Classification Préstamo en sala   Dominicana de Servicio Biblioteca Nacional Pedro Henríquez Ureña Biblioteca Nacional Pedro Henríquez Ureña Depósito 30.01.2026   BNPHU DS RD864.44 M425h 2026-0519 30.01.2026 e.5 30.01.2026 Libro Donado por la Presidencia de la República Dominicana 2023. Pertenecio a la biblioteca personal de Emilio Cordero Michel.
    Dewey Decimal Classification Excluido de préstamo Préstamo restrigido Patrimonio Dominicano Biblioteca Nacional Pedro Henríquez Ureña Patrimonio Dominicano Depósito 11.04.2011   BNPHU PD RD864.44 M425h 28581-20 25.06.2020 e. 2 25.06.2020 Libro y Folleto Colección Patrimonio Dominicano    

Powered by Koha